|
|
|
|
| LEADER |
00873nab a2200217 i 4500 |
| 001 |
publ24090 |
| 005 |
20220414115103.0 |
| 008 |
220414s2016 hu o 0|| Magyar d |
| 022 |
|
|
|a 2063-9546
|
| 024 |
7 |
|
|a 3048919
|2 mtmt
|
| 040 |
|
|
|a SZTE Publicatio Repozitórium
|b hun
|
| 041 |
|
|
|a Magyar
|
| 100 |
2 |
|
|a Gévayné Janurik Márta
|
| 245 |
1 |
2 |
|a A zenei képességek összefüggése a DIFER készségekkel óvodáskorban
|h [elektronikus dokumentum] /
|c Gévayné Janurik Márta
|
| 260 |
|
|
|c 2016
|
| 300 |
|
|
|a 49-69
|
| 490 |
0 |
|
|a NEVELÉSTUDOMÁNY: OKTATÁS KUTATÁS INNOVÁCIÓ
|v 4 No. 1
|
| 650 |
|
4 |
|a Oktatástudomány
|
| 700 |
0 |
1 |
|a Józsa Krisztián
|e aut
|
| 856 |
4 |
0 |
|u http://publicatio.bibl.u-szeged.hu/24090/1/nevelestudomany_2016_ZeneesDifer.pdf
|z Dokumentum-elérés
|
| 856 |
4 |
0 |
|u http://publicatio.bibl.u-szeged.hu/24090/3/3048919_c%C3%ADmlap_tartalom.pdf
|z Dokumentum-elérés
|